000 00784nam a22002297a 4500
005 20160921114046.0
010 _aENG-116063
020 _c1099.00
_a9789352602995
020 _a9352602994
_c1099.00
035 _aEN-99595
037 _bDBAD/PUB
082 _a005.432
100 _aJang, Michael
245 _aRHCSA/RHCE red hat linux certification study guide seventh edition :
_cby Michael Jang [and] Alessandro Orsaria
_bexams ex200 and ex300 /
250 _aseventh ed.
260 _aNoida
_bMcGraw Hill Education
_c2016
270 _aB-4, Sector - 63, Gautam Budh Nagar,
_bNoida (UP)
_e201301
300 _axlviii, 925p
_c24cm(pbk)
_b
500 _aincludes glossary and indexes
700 _aOrsaria, Alessandro
942 _2ddc
_cEN
_mJAN
_h005.432
999 _c103497
_d103497